000 03245cam a22004814i 4500
003 PE-LiUPU
005 20250731173359.0
008 150706s r 000 0 d
020 _a9781575061184
035 _a(Sirsi) i9781575061184
040 _aPE-LiUPU
_bspa
_cPE-LiUPU
_erda
049 _aPRUA
082 0 4 _a204.41
_bN53
_221
100 1 _aNissinen, Marttin,
_eautor.
245 1 0 _aSacred marriages :
_bthe divine-human sexual metaphor from sumer to early christianity /
_cMartti Nissinen and Risto Uro.
264 1 _aWinona Lake :
_b Eisenbrauns,
_c2008.
300 _a543 páginas :
_bilustraciones ;
_c24 centímetros
336 _atext
_2rdacontent
337 _aunmediated
_2rdamedia
338 _avolume
_2rdacarrier
504 _aIncluye referencias bibliográficas.
505 0 _aSacred marriages, or the Divine-human sexual metaphor: introducing the project -- The sumerian sacred marriage and its aftermath in later sources -- Sacred marriage and the transfer of divine knowledge: alliances between the gods and the king in ancient mesopotamia -- Sacred marriage and the devotees of istar -- Sacred marriage in the ugaritic texts? The case of KTU/CAT 1.23(rituals and myths of the goodly gods) -- Sacred marriage in the new kingdom of ancient egypt: circumstantial evidence for a ritual interpretation -- Hieros gamos in ancient greek religion: the human aspect of a sacralized ritual -- Song of songs and sacred marriage -- Yahweh`s broken marriages as metaphoric vehicle in the hebrew bible prophets -- The love triangle of lady wisdom: sacred marriage in jewish wisdom literature? -- The sons of god and the daughters of men -- Divine-human marriage matrix and constructions of gender and "bodies" in the christian bible -- Sacred prostitution in the biblical world? -- Begotten by the Holy Spirit -- from the bridegroom`s time to the wedding of the lamb: nuptial imagery in the canonical gospels and the book of revelation -- The bride of Christ (Ephesians 5:22-33): A problematic wedding -- Sex and the single savior -- Divine desires: fantasy and renunciation in the narrative of mark`s gospel -- Asceticism as a sacred marriage: an essay on eastern and western theories -- The bridal chamber and other mysteries: ritual system and ritual transmission in the valentinian movement -- Sacred marriage and spiritual knowledge: relations between carnality and salvation in the apocryphon.
526 _aSEG42
526 _aSEG41
526 _aSEG40
526 _aSEG39
526 _aP94
526 _aP87
526 _aP86
526 _aP85
526 _aP77
526 _aP76
526 _aP35
541 _g4919118064961297;
650 0 4 _aEspiritualidad.
650 0 4 _aMatrimonio
_xAspectos Religiosos.
910 _agl
_bjck
_d20101222
942 _2ddc
_cBOOK
949 _a204.41 N53
_wDEWEY
_c1
_i62445
_lCCODEBUL1
_mBUL
_p42.00
_r0
_sY
_tBOOK
_u2015-7-6
_xTEOLOGIA
_PP35
_0COMPRA
_o.STAFF. Colección General
994 _aC0
_bPEPRU
596 _a1
999 _a204.41 N53
_wDEWEY
_c51479
_i62445
_f2021-11-9
_g5
_lCCODEBUL1
_mBUL
_p42.00
_r0
_sY
_tBOOK
_u2015-7-6
_xTEOLOGIA
_PP35
_0COMPRA
_o.STAFF. Colección General
_d51479
980 _81
_gALBERTO SANCHEZ Responsable de Automatización